| 000 | 00747aam a2200277 4500 | ||
|---|---|---|---|
| 005 | 20231124093451.0 | ||
| 008 | 150730b1994 xxu||||| |||| 00| 0 spa d | ||
| 020 | _a9977672660 | ||
| 041 | _aESP | ||
| 082 | _a333.784 B638c | ||
| 100 | _aBlanco Brenes, Oscar | ||
| 100 | _aMata, Alfonso | ||
| 245 | _aLa Cuenca del Golfo de Nicoya : un reto al desarrollo sostenible | ||
| 260 | _aCosta Rica | ||
| 260 | _bUniversidad de Costa Rica | ||
| 260 | _c1994 | ||
| 300 | _a336 páginas | ||
| 650 | _aMEDIO AMBIENTE | ||
| 650 | _aPOLÍTICA AMBIENTAL | ||
| 650 | _aGUANACASTE | ||
| 650 | _aGOLFO DE NICOYA | ||
| 650 | _aRASGOS AMBIENTALES DE COSTA RICA | ||
| 650 | _aCONTAMINACION DEL MEDIO AMBIENTE | ||
| 942 |
_cBK _2ddc |
||
| 999 |
_c400 _d400 |
||